Children in Custody: Public Juvenile Facilities 1985

Guardado en:  
Detalles Bibliográficos
Autores principales: Sickmund, Melissa H. (Autor) ; Baunach, Phyllis Jo (Autor)
Tipo de documento: Print Artículo
Lenguaje:Inglés
Publicado: United States Department of Justice, Bureau of Justice Statistics 1986
En:Enthalten in: BJS Bulletin
Verificar disponibilidad: HBZ Gateway

MARC

LEADER 00000caa a22000002c 4500
001 1912478633
003 DE-627
005 20250128054950.0
007 tu
008 241217s1986 xx ||||| 00| ||eng c
035 |a (DE-627)1912478633 
035 |a (DE-599)KXP1912478633 
040 |a DE-627  |b ger  |c DE-627  |e rda 
041 |a eng 
084 |a 2,1  |2 ssgn 
100 1 |a Sickmund, Melissa H.  |e VerfasserIn  |0 (DE-588)1340211467  |0 (DE-627)1899539441  |4 aut 
109 |a Sickmund, Melissa H.  |a Sickmund, Melissa 
245 1 0 |a Children in Custody: Public Juvenile Facilities 1985 
264 1 |b United States Department of Justice, Bureau of Justice Statistics  |c 1986 
336 |a Text  |b txt  |2 rdacontent 
337 |a ohne Hilfsmittel zu benutzen  |b n  |2 rdamedia 
338 |a Band  |b nc  |2 rdacarrier 
700 1 |a Baunach, Phyllis Jo  |e VerfasserIn  |4 aut 
773 0 8 |i Enthalten in  |t BJS Bulletin 
787 0 8 |i Forschungsdaten  |a United States Department of Justice. Office of Justice Programs. Office of Juvenile Justice and Delinquency Prevention  |t Census of Public and Private Juvenile Detention, Correctional, and Shelter Facilities, 1986-1987: (United States)  |d [Erscheinungsort nicht ermittelbar] : [Verlag nicht ermittelbar], 1989  |w (DE-627)1840053224 
935 |a mkri 
951 |a AR 
ELC |b 1 
LOK |0 000 xxxxxcx a22 zn 4500 
LOK |0 001 4637444136 
LOK |0 003 DE-627 
LOK |0 004 1912478633 
LOK |0 005 20241217044221 
LOK |0 008 241217||||||||||||||||ger||||||| 
LOK |0 035   |a (DE-2619)ICPSR74512 
LOK |0 040   |a DE-2619  |c DE-627  |d DE-2619 
LOK |0 092   |o n 
LOK |0 852   |a DE-2619 
LOK |0 852 1  |9 00 
LOK |0 935   |a uvkn  |a nacp 
LOK |0 939   |a 17-12-24  |b l01 
ORI |a SA-MARC-krimdoka001.raw